| 000 | 00482cam a2200181ua 4500 | ||
|---|---|---|---|
| 041 |
_aeng _h |
||
| 082 |
_a633.0853 _bPOE/BR |
||
| 100 | _aPoehlman, John milton . | ||
| 245 |
_aBreeding Asian field crops / _cJohn milton Poehlman. _hTextual Documents |
||
| 250 |
_a1 / _b. |
||
| 260 |
_a : _bOxford & IBH Publishing company , _c1969. |
||
| 300 | _a385 ; . | ||
| 504 | _a | ||
| 700 | 1 | _aBorthakur, Dhirendranath . | |
| 942 | _cBK | ||
| 999 |
_c2607 _d2607 |
||